Antología de "El Techo de la ballena".
Αποθηκεύτηκε σε:
| Άλλοι συγγραφείς: | |
|---|---|
| Μορφή: | Άγνωστο |
| Γλώσσα: | Spanish |
| Έκδοση: |
Caracas, Venezuela :
FUNDARTE,
1987.
|
| Σειρά: | (Colección Rescate ;
6) |
| Θέματα: | |
| Ετικέτες: |
Προσθήκη ετικέτας
Δεν υπάρχουν, Καταχωρήστε ετικέτα πρώτοι!
|
MARC
| LEADER | 000000000a22000000004500 | ||
|---|---|---|---|
| 001 | 004234 | ||
| 020 | |a 9802530131 | ||
| 041 | 0 | |a spa | |
| 082 | 0 | 4 | |a V860.9 |b R165a |
| 245 | 0 | 0 | |a Antología de "El Techo de la ballena". |
| 260 | 1 | |a Caracas, Venezuela : |b FUNDARTE, |c 1987. | |
| 300 | |a 224 páginas : |b ilustraciones (algunas a color) | ||
| 490 | 1 | |a (Colección Rescate ; |v 6) | |
| 500 | |a Colección George Yúdice | ||
| 500 | |a El autor nació en Uruguay, en 1977 se nacionalizó en Venezuela | ||
| 650 | 4 | |a LITERATURA VENEZOLANA | |
| 650 | 4 | |a COLECCIONES | |
| 700 | 1 | |a Rama, Angel, |e recopilador | |
| 999 | |c 10485 |d 10485 | ||
| 942 | |c BK |h V860.9 R165a |2 z | ||



